(Közigazgatási Biróság jogegységi tanácsának 127. sz. megállapodása)

Elmentve itt :
Bibliográfiai részletek
Dokumentumtípus: Cikk
Megjelent: 1926
Sorozat:Polgári jog : a hazai és külföldi magánjog és hiteljog szemléje 2
Kulcsszavak:Illeték részvénykibocsátás 1926
Online Access:http://misc.bibl.u-szeged.hu/4415
LEADER 00613nab a2200157 i 4500
001 misc4415
005 20191106143036.0
008 170607s1926 hu o 0|| hun d
040 |a SZTE Miscellanea Repozitórium  |b hun 
041 |a hun 
245 0 0 |a (Közigazgatási Biróság jogegységi tanácsának 127. sz. megállapodása)  |h [elektronikus dokumentum] 
260 |c 1926 
300 |a 64-65b 
490 0 |a Polgári jog : a hazai és külföldi magánjog és hiteljog szemléje  |v 2 
695 |a Illeték részvénykibocsátás 1926 
856 4 0 |u http://misc.bibl.u-szeged.hu/4415/1/polgari_jog_1926_064-065b.pdf  |z Dokumentum-elérés